مكتبة جامعة عجلون الوطنية

فهرس بحث المكتبة

جغرافية المدن: اسس، مفاهيم، تطبيقات (Record no. 32107)

MARC details
000 -LEADER
fixed length control field 00960nam a2200229Ii 4500
003 - CONTROL NUMBER IDENTIFIER
control field JO-AjNU
008 - FIXED-LENGTH DATA ELEMENTS--GENERAL INFORMATION
fixed length control field 230605s9999||||xx |||||||||||||| ||und||
017 ## - COPYRIGHT OR LEGAL DEPOSIT NUMBER
Copyright or legal deposit number 2021/1/592
020 ## - INTERNATIONAL STANDARD BOOK NUMBER
International Standard Book Number 978-9923-39-033-7
040 ## - CATALOGING SOURCE
Original cataloging agency JO-AjNU
Language of cataloging ara
Description conventions rda
Transcribing agency JO-AjNU
041 ## - LANGUAGE CODE
Language code of text/sound track or separate title ara
050 14 - LIBRARY OF CONGRESS CALL NUMBER
Classification number HT153.D35 2022
100 3# - MAIN ENTRY--PERSONAL NAME
Personal name الدليمي، صبحي احمد، م.مشارك شيماء غازي عبود خلف الكربولي,
Relator term author
9 (RLIN) 62969
245 00 - TITLE STATEMENT
Title جغرافية المدن: اسس، مفاهيم، تطبيقات
250 ## - EDITION STATEMENT
Edition statement الطبعة الاولى
264 31 - PRODUCTION, PUBLICATION, DISTRIBUTION, MANUFACTURE, AND COPYRIGHT NOTICE
Place of production, publication, distribution, manufacture عمان: دار كفاءة المعرفة للنشر والتوزيع، 2022
300 ## - PHYSICAL DESCRIPTION
Extent 204ص
Other physical details يحتوي على مراجع من ص203-204ص
336 ## - CONTENT TYPE
Content type term text
Content type code txt
Source rdacontent
337 ## - MEDIA TYPE
Media type term unmediated
Media type code n
Source rdamedia
338 ## - CARRIER TYPE
Carrier type term volume
Carrier type code nc
Source rdacarrier
650 #4 - SUBJECT ADDED ENTRY--TOPICAL TERM
Topical term or geographic name entry element تطور المدن-التخطيط الحضري-التنمية الحضرية-البيئة الحضرية
9 (RLIN) 62970
Holdings
Withdrawn status Lost status Source of classification or shelving scheme Damaged status Not for loan Home library Current library Shelving location Date acquired Total Checkouts Full call number Barcode Date last seen Price effective from Koha item type
    Library of Congress Classification     مكتبة جامعة عجلون الوطنية مكتبة جامعة عجلون الوطنية المجموعات العامة 06/06/2023   HT153.D35 2022 A28539 06/06/2023 06/06/2023 Books